00541nam a22001817a 450000500170000001000150001702000260003203500130005803700130007108200140008410000190009824500760011726000300019327000680022330000260029150000190031770000230033620140903123442.0 aENG-110700 a9788120349896c195.00 aEN-94232 bDBAD/PUB a346.54048 aPandey, Neeraj aIntellectual property rights /cby Neeraj Pandey [and] Khushdeep Dharni aDelhibPHI Learningc2014 aRimjhim House, 111, Patparganj Industrial EstatebDelhie110092 axvii,173p.c24cm(pbk) aIncludes index aDharni, Khushdeep